<?xml version="1.0" encoding="UTF-8"?><?xml-stylesheet type="text/xsl" href="static/style.xsl"?><OAI-PMH xmlns="http://www.openarchives.org/OAI/2.0/" xmlns:xsi="http://www.w3.org/2001/XMLSchema-instance" xsi:schemaLocation="http://www.openarchives.org/OAI/2.0/ http://www.openarchives.org/OAI/2.0/OAI-PMH.xsd"><responseDate>2026-04-13T15:18:53Z</responseDate><request verb="GetRecord" identifier="oai:www.recercat.cat:2072/425075" metadataPrefix="marc">https://recercat.cat/oai/request</request><GetRecord><record><header><identifier>oai:recercat.cat:2072/425075</identifier><datestamp>2025-09-10T18:42:05Z</datestamp><setSpec>com_2072_98</setSpec><setSpec>col_2072_378197</setSpec></header><metadata><record xmlns="http://www.loc.gov/MARC21/slim" xmlns:dcterms="http://purl.org/dc/terms/" xmlns:xsi="http://www.w3.org/2001/XMLSchema-instance" xmlns:doc="http://www.lyncode.com/xoai" xsi:schemaLocation="http://www.loc.gov/MARC21/slim http://www.loc.gov/standards/marcxml/schema/MARC21slim.xsd">
   <leader>00925njm 22002777a 4500</leader>
   <datafield ind2=" " ind1=" " tag="042">
      <subfield code="a">dc</subfield>
   </datafield>
   <datafield ind2=" " ind1=" " tag="720">
      <subfield code="a">Módenes Cabrerizo, Juan Antonio</subfield>
      <subfield code="e">author</subfield>
   </datafield>
   <datafield ind2=" " ind1=" " tag="260">
      <subfield code="c">2010</subfield>
   </datafield>
   <datafield ind2=" " ind1=" " tag="520">
      <subfield code="a">Comunicació presentada al IX Congreso de la Asociación de Demografía Histórica-ADEH. Sao Miguel, Açores (Portugal), del 16 al 19 de juny de 2010.</subfield>
   </datafield>
   <datafield ind2=" " ind1=" " tag="520">
      <subfield code="a">En momentos de grandes cambios de tendencia, es difícil prever el futuro de las opciones residenciales de la población. En el artículo se propone un método empírico que utiliza las opciones residenciales de los hogares que han efectuado recientemente un cambio de residencia, para evaluar la estructura de tenencia en un futuro próximo. La introducción de la movilidad residencial permite captar sincrónicamente los cambios de tendencia de la estructura de tenencia total y tener en cuenta las oscilaciones coyunturales, prevé mejor la tenencia futura de los grupos de edad con mayor peso de hogares móviles, por ejemplo los jóvenes y, en coyunturas de alta movilidad residencial, también puede utilizarse en las edades centrales.</subfield>
   </datafield>
   <datafield ind2=" " ind1=" " tag="520">
      <subfield code="a">En moments de grans canvis de tendència, és difícil preveure el futur de les opcions residencials de la població. L'article proposa un mètode empíric que utilitza les opcions residencials de les llars que han realitzat recentment un canvi de residència, per avaluar l'estructura de tinença en un futur pròxim. La introducció de la mobilitat residencial permet copsar sincrònicament els canvis de tendència de l'estructura de tinença total i tenir en compte les oscil·lacions conjunturals, preveure millor la tinença futura dels grups d'edat amb més pes de llars mòbils, com ara els joves i, en conjuntures d'alta mobilitat residencial, també pot ser d'utilitzat en les edats centrals.</subfield>
   </datafield>
   <datafield ind2=" " ind1=" " tag="520">
      <subfield code="a">Anticipating the future of population's housing choices is difficult when structural trends are evolving fast. This paper proposes an empirical method that uses housing options of those who have recently moved in order to assess how the total housing tenure distribution would be in the near future. This methodology is able to figure out consolidated dynamic trends of the aggregate tenure structure and, at the same time, it takes into account cyclical or sudden swings. It is best applied to analyse future tenure of the more mobile age groups, such as young people, but in contexts of high residential mobility, it may also be used for other age groups.</subfield>
   </datafield>
   <datafield tag="653" ind2=" " ind1=" ">
      <subfield code="a">Tenencia de la vivienda</subfield>
   </datafield>
   <datafield tag="653" ind2=" " ind1=" ">
      <subfield code="a">Previsión</subfield>
   </datafield>
   <datafield tag="653" ind2=" " ind1=" ">
      <subfield code="a">Movilidad residencial</subfield>
   </datafield>
   <datafield tag="653" ind2=" " ind1=" ">
      <subfield code="a">España</subfield>
   </datafield>
   <datafield tag="653" ind2=" " ind1=" ">
      <subfield code="a">Tinença de l'habitatge</subfield>
   </datafield>
   <datafield tag="653" ind2=" " ind1=" ">
      <subfield code="a">Previsió</subfield>
   </datafield>
   <datafield tag="653" ind2=" " ind1=" ">
      <subfield code="a">Mobilitat residencial</subfield>
   </datafield>
   <datafield tag="653" ind2=" " ind1=" ">
      <subfield code="a">Espanya</subfield>
   </datafield>
   <datafield tag="653" ind2=" " ind1=" ">
      <subfield code="a">Housing tenure</subfield>
   </datafield>
   <datafield tag="653" ind2=" " ind1=" ">
      <subfield code="a">Forecasting</subfield>
   </datafield>
   <datafield tag="653" ind2=" " ind1=" ">
      <subfield code="a">Residential mobility</subfield>
   </datafield>
   <datafield tag="653" ind2=" " ind1=" ">
      <subfield code="a">Spain</subfield>
   </datafield>
   <datafield ind2="0" ind1="0" tag="245">
      <subfield code="a">Opciones de tenencia tras un cambio de vivienda : aproximación a la dinámica futura del sistema residencial español</subfield>
   </datafield>
</record></metadata></record></GetRecord></OAI-PMH>